000 00296nam a22001337a 4500
008 170607b xxu||||| |||| 00| 0 eng d
020 _a9780195423235
041 _aeng
080 _25 ED
_a327
100 _a18
101 _aSHP
245 _aCANADIAN DEMOCRACY
_cSTEPHEN.B
942 _2udc
_cBK
999 _c16233
_d16233